[Event "First Saturday 2009 september FM-B"]
[Site "Budapest"]
[Date "2009.09.05"]
[Round "1"]
[White "Mayer, Istvan"]
[Black "Szoukup, Helga"]
[Result "0-1"]
[WhiteElo "2186"]
[BlackElo "1921"]
[PlyCount "70"]
[EventDate "2009.09.05"]

1. e4 c6 2. d4 d5 3. Nc3 dxe4 4. Nxe4 Nd7 5. Nf3 Ngf6 6. Ng3 e6 7. Bd3 Be7 8.
O-O O-O 9. c4 c5 10. b3 b6 11. Bb2 Bb7 12. Bc2 Qc7 13. Re1 cxd4 14. Nxd4 Rfd8
15. Qe2 Bb4 16. Red1 Bc5 17. a3 e5 18. Nf3 Ng4 19. Ne4 Bxe4 20. Bxe4 Nxf2 21.
Rxd7 Nxe4+ 22. Kf1 Qxd7 23. Qxe4 Qd3+ 24. Qxd3 Rxd3 25. b4 Bd4 26. Bxd4 exd4
27. a4 Rc3 28. a5 bxa5 29. Rxa5 Rxc4 30. b5 Rb4 31. Kf2 Rb2+ 32. Kg3 d3 33. Ra3
Rd8 34. Rxa7 d2 35. Nxd2 Rbxd2 0-1

[Event "First Saturday 2009 september FM-B"]
[Site "Budapest"]
[Date "2009.09.05"]
[Round "1"]
[White "Farkas, Richard"]
[Black "Szecsi, Peter"]
[Result "1/2-1/2"]
[WhiteElo "1900"]
[BlackElo "1776"]
[PlyCount "72"]
[EventDate "2009.09.05"]

1. e4 c5 2. Nc3 d6 3. g3 Nc6 4. Bg2 Nf6 5. d3 g6 6. f4 Bg7 7. Nf3 Bg4 8. h3 Bd7
9. O-O O-O 10. g4 e6 11. Be3 b6 12. d4 cxd4 13. Nxd4 Rc8 14. Qd2 Nxd4 15. Bxd4
Qe7 16. f5 gxf5 17. gxf5 e5 18. Be3 Bc6 19. Rad1 Rcd8 20. Bg5 Kh8 21. Rf3 Rg8
22. Rd3 Bf8 23. Kh2 Ng4+ 24. hxg4 Qxg5 25. Qxg5 Rxg5 26. Kh3 f6 27. Nd5 Bxd5
28. Rxd5 Rc8 29. c3 Be7 30. Bf1 Rcg8 31. Be2 h5 32. Rg1 hxg4+ 33. Rxg4 Rxg4 34.
Bxg4 Rc8 35. Rb5 Rc5 36. Rxc5 dxc5 1/2-1/2

[Event "First Saturday 2009 september FM-B"]
[Site "Budapest"]
[Date "2009.09.05"]
[Round "1"]
[White "Horvath, Zoltan"]
[Black "Vegvari, Ferenc"]
[Result "0-1"]
[WhiteElo "1500"]
[BlackElo "1812"]
[PlyCount "72"]
[EventDate "2009.09.05"]

1. e4 c5 2. Nf3 d6 3. c3 Nf6 4. h3 a6 5. d3 b5 6. Be2 Bb7 7. Bg5 e6 8. O-O Nbd7
9. Nbd2 Qc7 10. a4 d5 11. Bxf6 Nxf6 12. e5 Nd7 13. d4 Be7 14. axb5 a5 15. b4
axb4 16. Rxa8+ Bxa8 17. Qa1 O-O 18. cxb4 cxb4 19. Rc1 Qb8 20. Nb3 f6 21. Qa6
Nb6 22. Na5 fxe5 23. Nxe5 Bd6 24. Nec6 Qc7 25. Ne7+ Qxe7 26. Qxb6 Qg5 27. Nb3
Qf4 28. Bf3 Rb8 29. Qa6 Bb7 30. Qa1 Ra8 31. Qb2 Ra3 32. Re1 Bc8 33. Qc2 Bd7 34.
b6 Qh2+ 35. Kf1 Bb5+ 36. Re2 Qh1# 0-1

[Event "First Saturday 2009 september FM-B"]
[Site "Budapest"]
[Date "2009.09.05"]
[Round "1"]
[White "Gecse, Lajos"]
[Black "Szoukup, Istvan"]
[Result "1-0"]
[WhiteElo "1622"]
[BlackElo "1700"]
[PlyCount "173"]
[EventDate "2009.09.05"]

1. e4 e5 2. Nf3 Nc6 3. d4 exd4 4. Nxd4 Bc5 5. Be3 Qf6 6. c3 Nge7 7. Be2 O-O 8.
O-O d5 9. Nxc6 Qxc6 10. Bxc5 Qxc5 11. exd5 Nxd5 12. g3 Bh3 13. Re1 Rad8 14. Bd3
Nf6 15. Qc2 Qd5 16. Bf1 Bf5 17. Qb3 Qxb3 18. axb3 a6 19. Bg2 c6 20. Na3 Rd7 21.
Nc4 Rfd8 22. Ne3 Be6 23. b4 Rd2 24. Rab1 R8d3 25. Red1 Rxd1+ 26. Rxd1 Rxd1+ 27.
Nxd1 Bf5 28. Ne3 Bb1 29. c4 Kf8 30. Kf1 Ke7 31. Ke2 Kd6 32. c5+ Kc7 33. Nc4 Ba2
34. Ne5 Be6 35. h3 Ne8 36. g4 f6 37. Nd3 Bc4 38. Be4 h6 39. Bg6 Kd8 40. Bxe8
Kxe8 41. Ke3 Bxd3 42. Kxd3 Kf7 43. Ke4 Kg6 44. Kf4 h5 45. h4 hxg4 46. Kxg4 Kf7
47. h5 Ke6 48. f4 Ke7 49. Kf5 Kf7 50. b3 g6+ 51. hxg6+ Kg7 52. Ke6 Kxg6 53. f5+
Kg5 54. Kd7 Kxf5 55. Kc7 Ke6 56. Kxb7 Kd7 57. Kxa6 f5 58. b5 f4 59. b6 f3 60.
b7 f2 61. b8=Q f1=Q+ 62. Ka7 Qf3 63. Qd6+ Kc8 64. Qe6+ Kd8 65. Kb6 Qf1 66. Qxc6
Qe1 67. Qd6+ Ke8 68. Qd4 Qe6+ 69. Kc7 Qxb3 70. Qd7+ Kf8 71. c6 Qa4 72. Kd8 Qh4+
73. Kc8 Qa4 74. Qd6+ Ke8 75. Qe6+ Kf8 76. c7 Qa8+ 77. Kd7 Qa4+ 78. Qc6 Qg4+ 79.
Kd8 Qg5+ 80. Kc8 Qa5 81. Kb8 Qb4+ 82. Qb7 Qd6 83. Qc8+ Ke7 84. Qb7 Kd7 85. Qb5+
Ke6 86. Qe8+ Kd5 87. Qd8 1-0

[Event "First Saturday 2009 september FM-B"]
[Site "Budapest"]
[Date "2009.09.06"]
[Round "2"]
[White "Vegvari, Ferenc"]
[Black "Gecse, Lajos"]
[Result "1-0"]
[WhiteElo "1812"]
[BlackElo "1622"]
[PlyCount "97"]
[EventDate "2009.09.05"]

1. d4 d5 2. Nf3 Nc6 3. Bf4 g6 4. e3 a6 5. a4 Bg7 6. c3 a5 7. Nbd2 Bd7 8. Bd3
Nf6 9. Ne5 Nxe5 10. Bxe5 O-O 11. Bxf6 exf6 12. g4 Re8 13. h4 Qc8 14. Rg1 f5 15.
gxf5 Bxf5 16. Be2 h5 17. Bxh5 gxh5 18. Qxh5 Ra6 19. Rg5 Rh6 20. Qxh6 Bg6 21.
Rxg6 fxg6 22. Qxg6 Re6 23. Qg5 Qd7 24. Nf3 Kh7 25. Qf5+ Kh8 26. Ne5 Qe8 27. f4
c5 28. h5 cxd4 29. cxd4 Kg8 30. Kf2 Qe7 31. Ng6 Qe8 32. Qxd5 Kh7 33. Ne5 Qc8
34. Qe4+ Kg8 35. Rg1 Rb6 36. Qd5+ Kh7 37. Qf7 Rxb2+ 38. Kf3 Qh3+ 39. Ke4 Rg2
40. Rxg2 Qxg2+ 41. Kf5 Qc2+ 42. Kg5 Qg2+ 43. Ng4 Kh8 44. f5 Bh6+ 45. Kxh6 Qxg4
46. Qf6+ Kg8 47. Qg6+ Qxg6+ 48. hxg6 b5 49. axb5 1-0

[Event "First Saturday 2009 september FM-B"]
[Site "Budapest"]
[Date "2009.09.06"]
[Round "2"]
[White "Szecsi, Peter"]
[Black "Horvath, Zoltan"]
[Result "1-0"]
[WhiteElo "1776"]
[BlackElo "1500"]
[PlyCount "119"]
[EventDate "2009.09.05"]

1. e4 c5 2. Nf3 d6 3. d4 cxd4 4. Nxd4 Nf6 5. Nc3 a6 6. Bg5 e6 7. f4 Be7 8. Qf3
Qc7 9. h3 b5 10. a3 Bb7 11. Bd3 Nbd7 12. Qe2 Nc5 13. Nf3 Nxd3+ 14. cxd3 h6 15.
Bh4 Rc8 16. O-O O-O 17. Rac1 Qd7 18. Rfd1 Nh7 19. Bxe7 Qxe7 20. d4 Rfe8 21. Qf2
f5 22. e5 Bxf3 23. Qxf3 dxe5 24. dxe5 Nf8 25. Rd6 Qa7+ 26. Kh2 Red8 27. Rcd1
Rxd6 28. Rxd6 Qa8 29. Qxa8 Rxa8 30. g4 g6 31. Kg3 Ra7 32. Ne2 Kf7 33. Kf3 a5
34. Rb6 b4 35. axb4 a4 36. Rc6 a3 37. bxa3 Rxa3+ 38. Rc3 Rxc3+ 39. Nxc3 Nd7 40.
gxf5 exf5 41. Ke3 Ke6 42. h4 g5 43. fxg5 hxg5 44. hxg5 Kxe5 45. Ne2 Nb6 46. Kf3
Nd5 47. b5 Nb6 48. Kg3 Nd5 49. Kh4 Kd6 50. g6 Ne7 51. g7 Kc5 52. Kg5 Kxb5 53.
Nd4+ Kc5 54. Nxf5 Ng8 55. Kg6 Kd5 56. Kf7 Ke5 57. Kxg8 Kf6 58. Kh7 Ke5 59. g8=Q
Kf6 60. Qg6+ 1-0

[Event "First Saturday 2009 september FM-B"]
[Site "Budapest"]
[Date "2009.09.06"]
[Round "2"]
[White "Szoukup, Helga"]
[Black "Farkas, Richard"]
[Result "1/2-1/2"]
[WhiteElo "1921"]
[BlackElo "1900"]
[PlyCount "150"]
[EventDate "2009.09.05"]

1. e4 e6 2. d4 d5 3. exd5 exd5 4. Nf3 Bd6 5. Bd3 Ne7 6. Be3 Bf5 7. Bxf5 Nxf5 8.
Bg5 f6 9. Bd2 Qe7+ 10. Qe2 Qxe2+ 11. Kxe2 Kf7 12. Re1 Nc6 13. c3 a5 14. a4
Rhe8+ 15. Kf1 Re7 16. Rxe7+ Bxe7 17. Na3 Nd6 18. Bf4 g5 19. Bxd6 Bxd6 20. Nb5
Ke7 21. Re1+ Kd7 22. Nxd6 Kxd6 23. h4 h6 24. Nh2 h5 25. hxg5 fxg5 26. Nf3 g4
27. Ne5 Ne7 28. Nf7+ Kd7 29. Ne5+ Kd6 30. Ke2 Rg8 31. Rh1 Ng6 32. Nxg6 Rxg6 33.
Rxh5 c6 34. Rh7 b5 35. axb5 cxb5 36. Ra7 Re6+ 37. Kd2 Re8 38. Rxa5 Kc6 39. Ra6+
Kc7 40. Rg6 Re4 41. f3 gxf3 42. gxf3 Rh4 43. b4 Rh2+ 44. Ke3 Rc2 45. Kd3 Rf2
46. Rf6 Rh2 47. f4 Rh3+ 48. Kc2 Rh2+ 49. Kb3 Rh5 50. f5 Rh2 51. Rf8 Rf2 52. f6
Kb7 53. f7 Ka7 54. Rd8 Rxf7 55. Rxd5 Kb6 56. Rc5 Rf3 57. d5 Rf2 58. Rc6+ Kb7
59. c4 Rf3+ 60. Kc2 Rf4 61. Kc3 Rf3+ 62. Kd4 Rf4+ 63. Ke5 Rh4 64. cxb5 Rxb4 65.
b6 Rh4 66. Re6 Rh5+ 67. Kd6 Kxb6 68. Ke7+ Kb7 69. d6 Rh7+ 70. Kd8 Rh8+ 71. Re8
Rh1 72. Re7+ Kc6 73. d7 Kd6 74. Re2 Rh8+ 75. Re8 Rh7 1/2-1/2

[Event "First Saturday 2009 september FM-B"]
[Site "Budapest"]
[Date "2009.09.07"]
[Round "3"]
[White "Farkas, Richard"]
[Black "Szabo, Miklos"]
[Result "1-0"]
[WhiteElo "1900"]
[BlackElo "1444"]
[PlyCount "37"]
[EventDate "2009.09.05"]

1. e4 c5 2. Nc3 d6 3. g3 Nf6 4. Bg2 Nc6 5. d3 g6 6. f4 Bg7 7. Nf3 O-O 8. O-O a6
9. a4 Nb4 10. h3 Bd7 11. Be3 Rc8 12. d4 cxd4 13. Bxd4 d5 14. exd5 Nbxd5 15.
Nxd5 Bxh3 16. Nxf6+ Bxf6 17. Bxh3 Bxd4+ 18. Qxd4 Qxd4+ 19. Nxd4 1-0

[Event "First Saturday 2009 september FM-B"]
[Site "Budapest"]
[Date "2009.09.07"]
[Round "3"]
[White "Horvath, Zoltan"]
[Black "Szoukup, Helga"]
[Result "0-1"]
[WhiteElo "1500"]
[BlackElo "1921"]
[PlyCount "94"]
[EventDate "2009.09.05"]

1. e4 c6 2. d4 d5 3. e5 Bf5 4. Nf3 e6 5. Bd3 Bxd3 6. Qxd3 c5 7. dxc5 Qa5+ 8.
Nc3 Bxc5 9. Qb5+ Nc6 10. Qxa5 Nxa5 11. O-O a6 12. a3 Ba7 13. b4 Nc4 14. b5 d4
15. bxa6 dxc3 16. axb7 Rb8 17. Rb1 Ne7 18. a4 Nd5 19. Re1 Na5 20. Ba3 Nc4 21.
Bd6 Nxd6 22. exd6 Rd8 23. Ne5 Bb8 24. Nc6 Kd7 25. Nxd8 Rxd8 26. a5 Kxd6 27.
Red1 Kc7 28. Rd4 Rd6 29. Rc4+ Rc6 30. Rxc6+ Kxc6 31. Rb3 Nc7 32. Kf1 Nb5 33.
Rb4 Nd6 34. Rb3 Nb5 35. g3 Nd4 36. Rxc3+ Kxb7 37. Rd3 Nxc2 38. Rd7+ Ka6 39.
Rxf7 Be5 40. f4 Bf6 41. Rc7 Nd4 42. Rc5 Kb7 43. Kg2 Nc6 44. Kf3 Bd8 45. f5 exf5
46. Rd5 Bc7 47. Rd7 Ne5+ 0-1

[Event "First Saturday 2009 september FM-B"]
[Site "Budapest"]
[Date "2009.09.07"]
[Round "3"]
[White "Gecse, Lajos"]
[Black "Szecsi, Peter"]
[Result "0-1"]
[WhiteElo "1622"]
[BlackElo "1776"]
[PlyCount "76"]
[EventDate "2009.09.05"]

1. e4 c5 2. Nf3 Nc6 3. d4 cxd4 4. Nxd4 Nf6 5. Nc3 e5 6. Nb3 Bb4 7. Bd2 O-O 8.
f3 d6 9. a3 Bxc3 10. Bxc3 Be6 11. Nd2 d5 12. Bd3 a5 13. b3 d4 14. Bb2 Nh5 15.
g3 Qg5 16. Qe2 Nf6 17. f4 exf4 18. Nf3 Qh5 19. gxf4 Bg4 20. Rf1 Rfe8 21. O-O-O
Nd5 22. Rd2 Nxf4 23. Qf2 Bxf3 24. Qxf3 Qxf3 25. Rxf3 Nxd3+ 26. cxd3 Rac8 27.
Kb1 Re5 28. Rc2 Rd8 29. Rc4 Rh5 30. h3 Ne5 31. Rc5 Nxf3 32. Rxh5 g5 33. Rh6 Ne5
34. Kc2 Ng6 35. Bc1 f6 36. e5 Kg7 37. Rh5 Nxe5 38. h4 Kg6 0-1

[Event "First Saturday 2009 september FM-B"]
[Site "Budapest"]
[Date "2009.09.07"]
[Round "3"]
[White "Szoukup, Istvan"]
[Black "Vegvari, Ferenc"]
[Result "1-0"]
[WhiteElo "1700"]
[BlackElo "1812"]
[PlyCount "59"]
[EventDate "2009.09.05"]

1. e4 c5 2. Nf3 d6 3. d4 cxd4 4. Nxd4 Nf6 5. Nc3 a6 6. Be3 b5 7. f3 e5 8. Nb3
Be6 9. Qd2 Be7 10. O-O-O O-O 11. g4 Nbd7 12. g5 Nh5 13. f4 Nxf4 14. Bxf4 exf4
15. Kb1 Bxg5 16. Qxd6 Ra7 17. Nc5 Bg4 18. Rd5 Be7 19. Qxf4 Be6 20. Nxe6 fxe6
21. Qe3 exd5 22. Qxa7 dxe4 23. Qxa6 b4 24. Qe6+ Kh8 25. Nd5 Bg5 26. Nxb4 Rf6
27. Qd5 Qf8 28. Bb5 Rf5 29. Qxd7 Qxb4 30. Qxf5 1-0

[Event "First Saturday 2009 september FM-B"]
[Site "Budapest"]
[Date "2009.09.08"]
[Round "4"]
[White "Szecsi, Peter"]
[Black "Szoukup, Istvan"]
[Result "1/2-1/2"]
[WhiteElo "1776"]
[BlackElo "1700"]
[PlyCount "74"]
[EventDate "2009.09.05"]

1. e4 e5 2. Nf3 Nc6 3. Bb5 a6 4. Bxc6 dxc6 5. O-O f6 6. d4 Bg4 7. dxe5 Qxd1 8.
Rxd1 fxe5 9. Rd3 Rd8 10. Rxd8+ Kxd8 11. Nxe5 Be6 12. b3 Nf6 13. Nc3 Bb4 14. Bb2
Bxc3 15. Bxc3 Nxe4 16. Bb2 Ke7 17. Nd3 Nf6 18. Re1 Re8 19. Nc5 Kf7 20. Bxf6
gxf6 21. Nxb7 Bc8 22. Rxe8 Kxe8 23. Nc5 Ke7 24. Kf1 Bf5 25. Nxa6 Bxc2 26. Nb4
Be4 27. f3 Bb1 28. Ke2 Kd6 29. a3 Bf5 30. Nd3 c5 31. Nb2 Kd5 32. Kd2 Kd4 33.
Nc4 Be6 34. Kc2 Bf5+ 35. Kd2 Be6 36. Kc2 Bf5+ 37. Kd2 Be6 1/2-1/2

[Event "First Saturday 2009 september FM-B"]
[Site "Budapest"]
[Date "2009.09.08"]
[Round "4"]
[White "Szoukup, Helga"]
[Black "Gecse, Lajos"]
[Result "1/2-1/2"]
[WhiteElo "1921"]
[BlackElo "1622"]
[PlyCount "70"]
[EventDate "2009.09.05"]

1. e4 c5 2. Nf3 d6 3. d4 cxd4 4. Nxd4 a6 5. Be2 Nf6 6. Nc3 g6 7. O-O Bg7 8. Bf3
O-O 9. Be3 e6 10. Qd2 Nbd7 11. Bh6 Ne5 12. Be2 Qc7 13. Bxg7 Kxg7 14. b3 b5 15.
Qe3 Bb7 16. Bf3 Rac8 17. Nde2 d5 18. exd5 Neg4 19. Bxg4 Nxg4 20. Qd4+ Nf6 21.
d6 Qc6 22. f3 Qc5 23. Qxc5 Rxc5 24. Rfd1 Rd8 25. Rd2 Bd5 26. Nxd5 Nxd5 27. Ng3
f5 28. a4 b4 29. Ne2 Rxd6 30. Nf4 Rdc6 31. Nxd5 Rxd5 32. Rad1 Rdc5 33. Rd7+ Kh6
34. R1d2 Rxc2 35. Rxc2 Rxc2 1/2-1/2

[Event "First Saturday 2009 september FM-B"]
[Site "Budapest"]
[Date "2009.09.08"]
[Round "4"]
[White "Szabo, Miklos"]
[Black "Horvath, Zoltan"]
[Result "0-1"]
[WhiteElo "1444"]
[BlackElo "1500"]
[PlyCount "76"]
[EventDate "2009.09.05"]

1. e4 c5 2. Nf3 d6 3. d4 cxd4 4. Nxd4 Nf6 5. Nc3 a6 6. Bc4 e6 7. Bb3 b5 8. O-O
Bb7 9. Re1 Nbd7 10. Bg5 Be7 11. Qd2 Nc5 12. f3 O-O 13. Qf2 Nh5 14. Bxe7 Qxe7
15. e5 d5 16. f4 g6 17. Re3 b4 18. Nce2 Ne4 19. Qe1 a5 20. a4 Rac8 21. Nb5 Ba6
22. Ned4 Nxf4 23. Rxe4 dxe4 24. Qxe4 Qh4 25. Qf3 Qg5 26. Rf1 Nh5 27. Rd1 Qxe5
28. Kh1 Nf4 29. Nc6 Qc5 30. Nca7 Rfd8 31. Nxc8 Rxd1+ 32. Qxd1 Qxc8 33. Qf3 Qb8
34. c4 Bb7 35. Qe3 Nxg2 36. Qa7 Ne1+ 37. Kg1 Nf3+ 38. Kh1 Qxh2# 0-1

[Event "First Saturday 2009 september FM-B"]
[Site "Budapest"]
[Date "2009.09.08"]
[Round "4"]
[White "Mayer, Istvan"]
[Black "Farkas, Richard"]
[Result "0-1"]
[WhiteElo "2186"]
[BlackElo "1900"]
[PlyCount "34"]
[EventDate "2009.09.05"]

1. e4 e6 2. d4 d5 3. e5 c5 4. c3 Nc6 5. a3 Qb6 6. Nf3 Bd7 7. b4 cxd4 8. cxd4
Nge7 9. Nc3 Nf5 10. Na4 Qc7 11. g4 Nfxd4 12. Nxd4 Qxe5+ 13. Be3 Nxd4 14. Nc3
Nf3+ 15. Ke2 Qxc3 16. Kxf3 d4 17. Rc1 Qxa3 0-1

[Event "First Saturday 2009 september FM-B"]
[Site "Budapest"]
[Date "2009.09.09"]
[Round "5"]
[White "Horvath, Zoltan"]
[Black "Mayer, Istvan"]
[Result "0-1"]
[WhiteElo "1500"]
[BlackElo "2186"]
[PlyCount "82"]
[EventDate "2009.09.05"]

1. e4 c5 2. Nf3 d6 3. d4 cxd4 4. Nxd4 Nf6 5. Nc3 g6 6. Be3 Bg7 7. Qd2 Nc6 8. f3
Bd7 9. O-O-O Rc8 10. g4 Ne5 11. g5 Nh5 12. Be2 Nc4 13. Bxc4 Rxc4 14. h4 O-O 15.
Qf2 Qa5 16. Kb1 Rfc8 17. Nb3 Qa6 18. Rd3 b5 19. Rc1 Bxc3 20. Rxc3 Rxc3 21. bxc3
Rxc3 22. f4 Rc4 23. Bd4 Ra4 24. c3 Be6 25. Nd2 Rxa2 26. c4 bxc4 27. Bb2 Qb7 28.
Nxc4 Ra4 29. Qd4 f6 30. gxf6 Nxf6 31. e5 Bf5+ 32. Rc2 Qb3 33. Qc3 Qxc3 34. Bxc3
Rxc4 35. Kb2 Nd5 36. exd6 exd6 37. Rd2 Nxc3 38. Rxd6 Nb5 39. Rd8+ Kf7 40. Kb3
Rxf4 41. Rd5 Be6 0-1

[Event "First Saturday 2009 september FM-B"]
[Site "Budapest"]
[Date "2009.09.09"]
[Round "5"]
[White "Gecse, Lajos"]
[Black "Szabo, Miklos"]
[Result "0-1"]
[WhiteElo "1622"]
[BlackElo "1444"]
[PlyCount "56"]
[EventDate "2009.09.05"]

1. e4 e5 2. Nf3 Nc6 3. d4 exd4 4. Nxd4 Bc5 5. Be3 Qf6 6. c3 Nge7 7. Bc4 d6 8.
O-O Bd7 9. Nb5 O-O-O 10. Nd2 a6 11. Na3 h5 12. h4 Ne5 13. Bg5 Qg6 14. Bxe7 Rde8
15. Bg5 Ng4 16. Qf3 f6 17. Be3 Ne5 18. Qe2 Bh3 19. g3 Bxf1 20. Qxf1 Rd8 21. b4
Bxe3 22. Be6+ Kb8 23. Bf5 Qxg3+ 24. Qg2 Bxf2+ 25. Kh1 Qxh4+ 26. Qh2 g6 27. Bh3
Be3 28. Nac4 Nxc4 0-1

[Event "First Saturday 2009 september FM-B"]
[Site "Budapest"]
[Date "2009.09.09"]
[Round "5"]
[White "Szoukup, Istvan"]
[Black "Szoukup, Helga"]
[Result "0-1"]
[WhiteElo "1700"]
[BlackElo "1921"]
[PlyCount "50"]
[EventDate "2009.09.05"]

1. e4 c6 2. d4 d5 3. Nc3 dxe4 4. Nxe4 Nd7 5. Ng5 Ngf6 6. Bc4 e6 7. Qe2 Nb6 8.
Bb3 h6 9. N5f3 Be7 10. a4 Nbd5 11. Ne5 Bb4+ 12. c3 Nxc3 13. bxc3 Bxc3+ 14. Bd2
Bxa1 15. Ngf3 Bxd4 16. O-O O-O 17. Rd1 c5 18. Bf4 Nd5 19. Bc1 Nc3 20. Qd3 Bxf2+
21. Kxf2 Nxd1+ 22. Bxd1 Qxd3 23. Nxd3 Rd8 24. Bc2 Bd7 25. Nxc5 Rac8 0-1

[Event "First Saturday 2009 september FM-B"]
[Site "Budapest"]
[Date "2009.09.09"]
[Round "5"]
[White "Vegvari, Ferenc"]
[Black "Szecsi, Peter"]
[Result "1/2-1/2"]
[WhiteElo "1812"]
[BlackElo "1776"]
[PlyCount "85"]
[EventDate "2009.09.05"]

1. d4 Nf6 2. Nf3 g6 3. Bf4 Bg7 4. e3 b6 5. Bc4 Bb7 6. Nbd2 O-O 7. Qe2 d5 8. Bd3
Nbd7 9. Ne5 Nxe5 10. Bxe5 Nd7 11. Bxg7 Kxg7 12. f4 c5 13. c3 cxd4 14. exd4 Qc7
15. Qf3 Rae8 16. O-O-O a6 17. h4 b5 18. Kb1 Nb6 19. Qg3 h5 20. Nf3 Nd7 21. Ng5
Qd6 22. Rde1 Qf6 23. Re2 e6 24. Rhe1 Nb6 25. f5 Bc8 26. Rf2 exf5 27. Re5 Rxe5
28. dxe5 Qc6 29. Nf3 Nc4 30. Nd4 Qc7 31. Nxf5+ Bxf5 32. Rxf5 Kh8 33. Rg5 Rg8
34. Be2 Nd2+ 35. Kc2 Ne4 36. Qf4 Nxg5 37. Qf6+ Kh7 38. hxg5 Qb7 39. Bxh5 Re8
40. Bf3 Re6 41. Qf4 Qe7 42. Bxd5 Rxe5 43. Qh2+ 1/2-1/2

[Event "First Saturday 2009 september FM-B"]
[Site "Budapest"]
[Date "2009.09.10"]
[Round "6"]
[White "Szoukup, Helga"]
[Black "Vegvari, Ferenc"]
[Result "1/2-1/2"]
[WhiteElo "1921"]
[BlackElo "1812"]
[PlyCount "117"]
[EventDate "2009.09.05"]

1. e4 c5 2. Nf3 d6 3. d4 cxd4 4. Nxd4 Nf6 5. Nc3 a6 6. Be2 b5 7. Bf3 e5 8. Nf5
g6 9. Ne3 Nc6 10. Ne2 Bg7 11. O-O O-O 12. Nd5 Nxd5 13. Qxd5 Qc7 14. c3 Be6 15.
Qd1 Rad8 16. Be3 Ne7 17. a4 d5 18. Qc1 dxe4 19. Bxe4 Qc4 20. Qc2 f5 21. Bb7 f4
22. b3 Qc7 23. Bxa6 fxe3 24. Bxb5 Rd2 25. Qc1 exf2+ 26. Rxf2 Qc5 27. Qe1 Bh6
28. Kf1 Rxf2+ 29. Qxf2 Qxf2+ 30. Kxf2 e4 31. b4 e3+ 32. Ke1 Nc8 33. Rd1 Nd6 34.
Nd4 Bg4 35. Be2 Bxe2 36. Nxe2 Nc4 37. a5 Kf8 38. Ra1 Ke8 39. a6 Nb6 40. a7 Na8
41. b5 Kd8 42. Rd1 Kc7 43. Rxd2 exd2+ 44. Kd1 Kb6 45. Nd4 Kxa7 46. Nf3 Nc7 47.
c4 Kb6 48. Nxd2 Bxd2 49. Kxd2 Kc5 50. Kd3 Na8 51. Ke4 Kxc4 52. Ke5 Kxb5 53. Kf6
Nc7 54. Kg7 Ne6+ 55. Kxh7 g5 56. Kg6 Kc5 57. Kf5 Kd6 58. g3 Ke7 59. h4 1/2-1/2

[Event "First Saturday 2009 september FM-B"]
[Site "Budapest"]
[Date "2009.09.10"]
[Round "6"]
[White "Szabo, Miklos"]
[Black "Szoukup, Istvan"]
[Result "0-1"]
[WhiteElo "1444"]
[BlackElo "1700"]
[PlyCount "100"]
[EventDate "2009.09.05"]

1. c4 e5 2. Nc3 Nf6 3. g3 d5 4. cxd5 Nxd5 5. Bg2 Nb6 6. Nf3 Nc6 7. O-O Be7 8.
a3 O-O 9. d3 Be6 10. Be3 f6 11. Ne4 Nd7 12. Rc1 a5 13. d4 exd4 14. Bxd4 Nxd4
15. Nxd4 Bf7 16. Bh3 Kh8 17. Be6 Be8 18. e3 g6 19. f4 f5 20. Nd2 Nc5 21. N2f3
Ba4 22. b3 Bd7 23. Ng5 Bxg5 24. Rxc5 Be7 25. Rd5 Bd6 26. Qa1 Rf6 27. Bxd7 Qxd7
28. Nf3 Qe6 29. Rfd1 Qxe3+ 30. Kg2 Qe2+ 31. Kh3 Raf8 32. R5d3 Kg8 33. Qc1 Re8
34. R1d2 Qe4 35. Ng5 Qe7 36. Qh1 b6 37. Rd5 h6 38. Nf3 Bxa3 39. Rd7 Qc5 40. Qa1
Rf7 41. R7d5 Qc1 42. Qxc1 Bxc1 43. Rc2 Ba3 44. Ne5 Rg7 45. Rc6 Bd6 46. Nc4 Bc5
47. Ne5 Kh7 48. Nd7 Be7 49. Rxc7 Rd8 50. Nf8+ Rxf8 0-1

[Event "First Saturday 2009 september FM-B"]
[Site "Budapest"]
[Date "2009.09.10"]
[Round "6"]
[White "Mayer, Istvan"]
[Black "Gecse, Lajos"]
[Result "1-0"]
[WhiteElo "2186"]
[BlackElo "1622"]
[PlyCount "81"]
[EventDate "2009.09.05"]

1. e4 c5 2. Nf3 d6 3. Bc4 e6 4. Nc3 a6 5. a4 Nf6 6. d4 Be7 7. O-O O-O 8. Ba2
Qc7 9. Bf4 Qb6 10. e5 dxe5 11. dxe5 Rd8 12. Qc1 Nd5 13. Ne4 Nc6 14. Bg3 Nd4 15.
Nxd4 cxd4 16. Bc4 Qc6 17. Bd3 Nb4 18. Qf4 Nxd3 19. cxd3 Qc2 20. Bh4 Bxh4 21.
Qxh4 Bd7 22. Rac1 Qxa4 23. Nf6+ gxf6 24. exf6 Kh8 25. Rc5 Qb3 26. Rc7 Qxd3 27.
f3 Qg6 28. Qxd4 Bc6 29. Qc3 Rg8 30. Rf2 Rad8 31. g3 Rd3 32. Qc2 Rxf3 33. Qxg6
hxg6 34. Rxf7 Rxf2 35. Kxf2 Rd8 36. Ke3 Rd7 37. Rf8+ Kh7 38. h4 Kh6 39. g4 e5
40. Rh8+ Rh7 41. g5+ 1-0

[Event "First Saturday 2009 september FM-B"]
[Site "Budapest"]
[Date "2009.09.10"]
[Round "6"]
[White "Farkas, Richard"]
[Black "Horvath, Zoltan"]
[Result "1-0"]
[WhiteElo "1900"]
[BlackElo "1500"]
[PlyCount "104"]
[EventDate "2009.09.05"]

1. e4 c5 2. Nc3 e6 3. g3 d5 4. Bg2 dxe4 5. Nxe4 Nf6 6. Nxf6+ Qxf6 7. d3 Nc6 8.
c3 Bd6 9. Be4 g6 10. Be3 Bd7 11. Nf3 h6 12. Qd2 g5 13. O-O-O O-O-O 14. d4 cxd4
15. Nxd4 a6 16. Nxc6 Bxc6 17. Bxc6 bxc6 18. Bd4 e5 19. Bb6 Bc7 20. Qe3 Rxd1+
21. Rxd1 Rd8 22. Re1 Rd7 23. Bxc7 Rxc7 24. Qb6 Qe6 25. Qxa6+ Kb8 26. Rd1 Rd7
27. Qb6+ Kc8 28. Qa6+ Kb8 29. Re1 Ra7 30. Qb6+ Rb7 31. Qd8+ Ka7 32. Qa5+ Kb8
33. Qxe5+ Qxe5 34. Rxe5 Rd7 35. Rf5 Kc7 36. Rf6 h5 37. Rf5 Re7 38. Rxg5 Re2 39.
Rf5 Re7 40. Rxh5 Kd6 41. a4 c5 42. b4 cxb4 43. cxb4 Re4 44. Rb5 Kc6 45. h4 f5
46. Rxf5 Rxb4 47. Rf4 Rb7 48. h5 Kc5 49. h6 Kd5 50. Rh4 Rc7+ 51. Kd2 Rc4 52.
Rxc4 Kxc4 1-0

[Event "First Saturday 2009 september FM-B"]
[Site "Budapest"]
[Date "2009.09.11"]
[Round "7"]
[White "Gecse, Lajos"]
[Black "Farkas, Richard"]
[Result "0-1"]
[WhiteElo "1622"]
[BlackElo "1900"]
[PlyCount "92"]
[EventDate "2009.09.05"]

1. e4 e6 2. d4 d5 3. Nd2 dxe4 4. Nxe4 Nd7 5. Be3 Ngf6 6. Bd3 Nd5 7. Bd2 c5 8.
c4 N5f6 9. Bc3 Nxe4 10. Bxe4 Nf6 11. Bf3 Qb6 12. d5 exd5 13. Bxd5 Nxd5 14. Qxd5
Be6 15. Qe4 O-O-O 16. Ne2 f6 17. O-O Bf7 18. b3 Bg6 19. Qg4+ Kb8 20. Nf4 Bf7
21. Rad1 Rxd1 22. Rxd1 g5 23. Bxf6 Qxf6 24. Nd5 Bxd5 25. Rxd5 h5 26. Qd1 Bg7
27. Rxc5 Rf8 28. Qe1 Qf4 29. g3 Qf3 30. Rd5 Bc3 31. Qf1 Qf6 32. Kg2 Qf3+ 33.
Kg1 h4 34. Rd3 Qf6 35. Qg2 Bd4 36. Rd2 h3 37. Qf1 Bc3 38. Re2 Bd4 39. Qe1 Qf7
40. Qf1 Qf3 41. Rd2 Bc5 42. Re2 g4 43. b4 Bxb4 44. Rb2 Bc5 45. Re2 Rd8 46. Re1
Rd2 0-1

[Event "First Saturday 2009 september FM-B"]
[Site "Budapest"]
[Date "2009.09.11"]
[Round "7"]
[White "Szoukup, Istvan"]
[Black "Mayer, Istvan"]
[Result "0-1"]
[WhiteElo "1700"]
[BlackElo "2186"]
[PlyCount "76"]
[EventDate "2009.09.05"]

1. e4 c5 2. Nf3 d6 3. d4 cxd4 4. Nxd4 Nf6 5. Nc3 g6 6. Be3 Bg7 7. f3 O-O 8. Qd2
Nc6 9. Bc4 Bd7 10. O-O-O Rc8 11. Bb3 Na5 12. Kb1 Nc4 13. Bxc4 Rxc4 14. h4 h5
15. g4 Re8 16. e5 dxe5 17. Ndb5 Qa5 18. g5 Bxb5 19. gxf6 exf6 20. Nxb5 Qxb5 21.
Qd7 a6 22. Qxb5 axb5 23. Rd7 Rec8 24. Rh2 R8c7 25. Rd8+ Kh7 26. Rb8 Rd7 27. b3
Rc3 28. Rd2 Rxd2 29. Bxd2 Rxf3 30. Rxb7 e4 31. Re7 f5 32. Rxf7 Rf1+ 33. Bc1 Kg8
34. Rb7 Bh6 35. Rxb5 Bxc1 36. Rb8+ Kf7 37. Rb7+ Ke8 38. a4 e3 0-1

[Event "First Saturday 2009 september FM-B"]
[Site "Budapest"]
[Date "2009.09.11"]
[Round "7"]
[White "Vegvari, Ferenc"]
[Black "Szabo, Miklos"]
[Result "1-0"]
[WhiteElo "1812"]
[BlackElo "1444"]
[PlyCount "47"]
[EventDate "2009.09.05"]

1. d4 d5 2. Nf3 Nf6 3. Bf4 e6 4. e3 c5 5. c3 Be7 6. Bd3 O-O 7. Nbd2 Nc6 8. Qe2
c4 9. Bc2 Re8 10. O-O-O b5 11. a3 a5 12. h4 b4 13. Ne5 Qb6 14. Nxc6 Qxc6 15. g4
bxc3 16. Nf3 Qb5 17. bxc3 Bxa3+ 18. Kd2 Nxg4 19. Bxh7+ Kf8 20. Rb1 Bb2 21. Bd6+
Re7 22. Bxe7+ Kxe7 23. Ne5 Bd7 24. Qxg4 1-0